Nuevos métodos y fuentes en el análisis histórico
Guardado en:
| Autor principal: | |
|---|---|
| Autor Corporativo: | |
| Formato: | Texto |
| Publicado: |
San Juan:
CEREP
|
| Etiquetas: |
Agregar Etiqueta
Sin Etiquetas, Sea el primero en etiquetar este registro!
|
MARC
| LEADER | 00000 a a2200000 04500 | ||
|---|---|---|---|
| 001 | 23581 | ||
| 003 | |||
| 040 | |||
| 090 | |a 168500 | ||
| 100 | |a Picó, Fernando | ||
| 110 | |a CEREP | ||
| 245 | |a Nuevos métodos y fuentes en el análisis histórico | ||
| 260 | |a San Juan: |b CEREP | ||
| 300 | |a 18 p | ||
| 999 | |c 17636 |d 17636 | ||
